000 00655nam a22001937a 4500
005 20251108173437.0
008 250721s2007 xx 000 0 ara d
082 1 4 _a658.403/تمي
100 1 _aالتميمي، ماجدة عبد اللطيف
245 1 0 _aبحوث العمليات : تطبيقات على الحاسوب /
264 1 _aعمان :
_bدار المناهج للنشر و التوزيع،
_c2007.
300 _a592 ص
650 1 7 _aبحوث العمليات
650 1 7 _aإدارة الأعمال
650 1 7 _aالحواسيب
700 1 _aالصفار، أحمد عبد إسماعيل
942 _2ddc
_cBK
999 _c104039
_d104039